Statistics for Cities Of Switzerland

Click here to take the quiz!

General Stats

  • This quiz has been taken 16 times
  • The average score is 59 of 257

Answer Stats

Answer% Correct
Geneva
100%
Zürich
100%
Bern
94%
Lausanne
94%
Basel
88%
St. Gallen
88%
Lugano
81%
Lucerne
75%
Locarno
69%
Neuchâtel
63%
Sion
63%
Zug
63%
Chur
56%
Fribourg
56%
Montreux
56%
Schaffhausen
56%
Winterthur
56%
Aarau
50%
Biel
50%
Davos
50%
Interlaken
50%
Frauenfeld
44%
Solothurn
44%
Thun
44%
Zermatt
44%
Appenzell
38%
Martigny
38%
Nyon
38%
Schwyz
38%
Sierre
38%
Spiez
38%
Visp
38%
Yverdon-les-Bains
38%
Bulle
31%
Delémont
31%
Leuk
31%
Olten
31%
St. Moritz
31%
Altdorf
25%
Arbon
25%
Arth
25%
Ascona
25%
Baden
25%
Belp
25%
Brig-Glis
25%
Brugg
25%
Buchs
25%
Burgdorf
25%
Chiasso
25%
Glarus
25%
Herisau
25%
Kloten
25%
La Chaux-de-Fonds
25%
Lancy
25%
Lenzburg
25%
Liestal
25%
Meyrin
25%
Monthey
25%
Morges
25%
Neunkirch
25%
Prilly
25%
Pully
25%
Renens
25%
Risch
25%
Romanshorn
25%
Saint-Maurice
25%
Sargans
25%
Vevey
25%
Wil
25%
Aarberg
19%
Aarburg
19%
Adliswil
19%
Aesch
19%
Aigle
19%
Allschwil
19%
Altstätten
19%
Amriswil
19%
Avenches
19%
Baar
19%
Bad Zurzach
19%
Bassersdorf
19%
Beromünster
19%
Biasca
19%
Binningen
19%
Birsfelden
19%
Bremgarten
19%
Bülach
19%
Carouge
19%
Cham
19%
Châtel-Saint-Denis
19%
Chêne-Bougeries
19%
Coppet
19%
Cossonay
19%
Dietikon
19%
Dübendorf
19%
Ebikon
19%
Eglisau
19%
Einsiedeln
19%
Emmen
19%
Flawil
19%
Freienbach
19%
Gland
19%
Glarus Nord
19%
Gossau
19%
Grandson
19%
Grenchen
19%
Gruyères
19%
Hinwil
19%
Horgen
19%
Horw
19%
Huttwil
19%
Ilanz
19%
Illnau-Effretikon
19%
Ittigen
19%
Kaiserstuhl
19%
Köniz
19%
Kreuzlingen
19%
Kriens
19%
Küsnacht
19%
Lachen
19%
Langenthal
19%
La Tour-de-Peilz
19%
Laufen
19%
Laufenburg
19%
Le Grand-Saconnex
19%
Le Locle
19%
Lichtensteig
19%
Lutry
19%
Lyss
19%
Männedorf
19%
Meilen
19%
Mellingen
19%
Mendrisio
19%
Möhlin
19%
Moudon
19%
Moutier
19%
Münchenbuchsee
19%
Münchenstein
19%
Münsingen
19%
Murten
19%
Muttenz
19%
Neuhausen am Rheinfall
19%
Nidau
19%
Oftringen
19%
Onex
19%
Opfikon
19%
Orbe
19%
Orsières
19%
Ostermundigen
19%
Payerne
19%
Pfäffikon
19%
Porrentruy
19%
Pratteln
19%
Rapperswil-Jona
19%
Regensberg
19%
Reinach
19%
Rheinau
19%
Rheinfelden
19%
Richterswil
19%
Rolle
19%
Romont
19%
Rorschach
19%
Rüti
19%
Sarnen
19%
Schlieren
19%
Spreitenbach
19%
Stäfa
19%
Stans
19%
Stein am Rhein
19%
Suhr
19%
Thalwil
19%
Thônex
19%
Unterseen
19%
Urdorf
19%
Uster
19%
Uznach
19%
Val-de-Travers
19%
Vernier
19%
Versoix
19%
Wädenswil
19%
Wallisellen
19%
Weinfelden
19%
Wettingen
19%
Wetzikon
19%
Willisau
19%
Wohlen
19%
Zofingen
19%
Zollikofen
19%
Zollikon
19%
Affoltern am Albis
13%
Agno
13%
Arlesheim
13%
Arosa
13%
Aubonne
13%
Bischofszell
13%
Boudry
13%
Bourg-Saint-Pierre
13%
Bussigny
13%
Conthey
13%
Crissier
13%
Croglio
13%
Cully
13%
Diessenhofen
13%
Échallens
13%
Ecublens
13%
Erlach
13%
Estavayer-le-Lac
13%
Gordola
13%
Grandcour
13%
Greifensee
13%
Grüningen
13%
Hermance
13%
Klingnau
13%
La Sarraz
13%
Laupen
13%
Le Landeron
13%
Les Clées
13%
Losone
13%
Maienfeld
13%
Morcote
13%
Muri bei Bern
13%
Oberwil
13%
Plan-les-Ouates
13%
Regensdorf
13%
Rheineck
13%
Riehen
13%
Riva San Vitale
13%
Saint-Prex
13%
Saint-Ursanne
13%
Sembrancher
13%
Sempach
13%
Splügen
13%
Steckborn
13%
Steffisburg
13%
Sursee
13%
Thusis
13%
Uzwil
13%
Veyrier
13%
Villars-sur-Glâne
13%
Villeneuve
13%
Volketswil
13%
Waldenburg
13%
Walenstadt
13%
Wangen an der Aare
13%
Werdenberg
13%
Wiedlisbach
13%
Büren a.A.
6%
Cudrefin
6%
Elgg
6%
La Neuveville
6%
La Tour-de-Trême
6%
Peseux
6%
Romainmôtier
6%
Rue
6%
Saillon
6%
Steinhausen
6%
Valangin
6%

Score Distribution

Percentile by Number Answered

Percent of People with Each Score

Your Score History

You have not taken this quiz